000 00991nam a22003137a 4500
003 CHAP
005 20220329135751.0
008 971013s1994 r 00010 d
010 _a41770
011 _a42742
035 _a46871
040 _cCHAP
082 _a574.9
_bW6 1994
100 0 0 _aWoodman, Neal
_ecomp.
_9122557
245 _aLatin american research libraries in natrual history
_b: a survey
250 _a2 ed.
260 _aChicago, Ill. :
_bThe Council of Biology,
_c1994
300 _a261 p.
590 _aBATCH-UPD
_b10
_c20130110
_lUCH01
_h0025
590 _aBATCH-UPD
_b10
_c20130110
_lUCH01
_h1741
590 _aCONVERSION
_b10
_c20130109
_lUCH01
_h1323
650 1 4 _aBibliotecas especializadas
_xDirectorios.
_912552
650 1 4 _aCiencias naturales.
_923181
700 0 _aFoster, Mercedes S.
_ecomp.
_942696
700 0 _aJenkinson, Marion A.
_ecomp.
_961331
901 _aBK
942 _cLIBRO
949 _a574.9 W6 1994
_bBC
_cC
_d33724000804688
_eC
_h88846
_i46871
_mD
_sb
999 _c41770
_d41770